8-Letter Vocabulary (Medium) Quiz Stats

 Plays Quiz Updated Jun 23, 2017

Support Sporcle.
Go Orange.
Score 0/25 Timer 05:00
0 Plays Today
% Correct
aardvark
93.9%
luminous
93.5%
discount
93.4%
abrasion
92.3%
charisma
91.8%
civilian
91.5%
moreover
91.3%
disperse
90.8%
abnormal
90.7%
objector
90.5%
abdicate
90.5%
eligible
89.9%
delirium
89.7%
% Correct
schooner
89.7%
nematode
89.1%
tactical
88.9%
coverage
87.5%
narcotic
87.1%
resolute
85.6%
incident
85.6%
viscount
85%
occasion
84%
penchant
82.2%
champion
81.5%
magazine
77.6%

You're not logged in!

Compare scores with friends on all Sporcle quizzes.
OR
Log In
Forgot?

From the Vault

Big 4 21st Century MVP Sorting Blitz

by awesomeness365

Sort fast enough and you could be the MVP of sorting.
Remove Ads.
Support Sporcle.
Get the best of Sporcle when you Go Orange. This ad-free experience offers more features, more stats, and more fun while also helping to support Sporcle. Thank you for becoming a member.

Show Comments

Extras

Top Quizzes Today


Score Distribution

Your Account Isn't Verified!

In order to create a playlist on Sporcle, you need to verify the email address you used during registration. Go to your Sporcle Settings to finish the process.

Report this User

Report this user for behavior that violates our Community Guidelines.

Details: